000 00483cam a22001337a 4500
008 180718b1988 xxu||||| |||| 00| 0 eng d
082 _aA81x54 In2/81/Occ Pap10/1988
100 _aCensus of India 1981
245 _aFertility and child mortality estimates of Punjab
260 _aDelhi
_bDemography Division, Office of the Registrar General, India
_c1988
300 _a81p.
440 _aCensus of India 1981. Occasional paper no. 10 of 1988
650 _aChild health - India - Punjab
999 _c486878
_d486878